effects of employment to the academic performance of student at University of Rizal System Rodriguez Campus/ (Record no. 86023)

MARC details
000 -LEADER
fixed length control field 01660nam a22002657a 4500
003 - CONTROL NUMBER IDENTIFIER
control field URS
005 - DATE AND TIME OF LATEST TRANSACTION
control field 20250909104042.0
008 - FIXED-LENGTH DATA ELEMENTS--GENERAL INFORMATION
fixed length control field 250909b |||||||| |||| 00| 0 eng d
050 00 - LIBRARY OF CONGRESS CALL NUMBER
Classification number LG 221.R59
Item number .Ef366 2024
100 ## - MAIN ENTRY--PERSONAL NAME
Personal name David, Revengene S.
Relator term Researcher
245 10 - TITLE STATEMENT
Title <a href="effects of employment to the academic performance of student at University of Rizal System Rodriguez Campus/">effects of employment to the academic performance of student at University of Rizal System Rodriguez Campus/</a>
Statement of responsibility, etc Revengene S. David [et.al]
260 #1 - PUBLICATION, DISTRIBUTION, ETC. (IMPRINT)
Date of publication, distribution, etc 2024
300 ## - PHYSICAL DESCRIPTION
Extent ix, 70 leaves;
Other physical details Illustrations
Dimensions 28cm
336 ## - CONTENT TYPE
Source rdacontent
Content type term text
337 ## - MEDIA TYPE
Source rdamedia
Media type term unmediated
338 ## - CARRIER TYPE
Source rdacarrier
Carrier type term volume
502 ## - DISSERTATION NOTE
Dissertation note Undergraduate Thesis<br/>
Degree type Bachelor of Science in Social Work
Name of granting institution University of Rizal System, Rodriguez Rizal <br/>
Year degree granted 2024
520 ## - SUMMARY, ETC.
Summary, etc Key findings indicated that a significant portion of respondents were 20 years old, predominantly female, and primarily first-year students. The data demonstrated a notable correlation between the number of work hours and students' GPA, revealing that those who worked more hours often experienced lower academic performance On the other hand, effective time management and drive contributed to the success of some students despite the demands of their jobs. Additionally, factors such as economic necessity and family dynamics were found to influence students decisions to work, emphasizing the socio-economic context surrounding student employment
650 ## - SUBJECT ADDED ENTRY--TOPICAL TERM
Source of heading or term effects of employment to the academic performance
700 ## - ADDED ENTRY--PERSONAL NAME
Personal name Layao Amyca Maxine V.
Relator term Researcher
700 ## - ADDED ENTRY--PERSONAL NAME
Personal name Llarvez, Loren Jade L.
Relator term Researcher
700 ## - ADDED ENTRY--PERSONAL NAME
Personal name Rojo, Lineth A.
Relator term Researcher
700 ## - ADDED ENTRY--PERSONAL NAME
Personal name Colina, Anna Blanca SP.
Relator term Adviser
942 ## - ADDED ENTRY ELEMENTS (KOHA)
Source of classification or shelving scheme Library of Congress Classification
Koha item type Theses and dissertations
Holdings
Withdrawn status Source of classification or shelving scheme Damaged status Not for loan Home library Current library Shelving location Date acquired Total Checkouts Full call number Barcode Date last seen Price effective from Koha item type
  Library of Congress Classification   Not For Loan Rodriguez College Library Rodriguez College Library Undergraduate Theses 09/09/2025   LG 221.R59 .Ef366 2024 URSROD-UGT-SW-1450 09/09/2025 09/09/2025 Theses and dissertations

University of Rizal System
Email us at univlibservices@urs.edu.ph

Visit our Website www.urs.edu.ph/library